| 000 | 00397nam a22001697a 4500 | ||
|---|---|---|---|
| 003 | OSt | ||
| 008 | 201117b ||||| |||| 00| 0 eng d | ||
| 020 | _a978-9325982406 | ||
| 100 | _aKUMAR Arun | ||
| 245 | _aMarketing Management | ||
| 250 | _a3 ed | ||
| 260 |
_aNew Delhi _bVikas Publishing House _c2020 |
||
| 300 | _a668 | ||
| 650 | _aB.Com. Hons | ||
| 700 | _aMEENAKSHI, N | ||
| 942 |
_2ddc _cBK |
||
| 999 |
_c9131 _d9131 |
||